000
00291nam a22001337a 4500
008
170413b xxu||||| |||| 00| 0 eng d
020
_a
0471882534
041
_a
eng
080
_2
4TH
_a
612.39
100
_a
10
101
_a
SHM
245
_a
LIVING NUTRITION
_c
STARE, F.J
942
_2
udc
_c
BK
999
_c
10640
_d
10640